Kalendár Roľníckych vzájomných pokladníc na obyčajný rok ...

Podrobná bibliografia
Médium: Seriál
Jazyk:slovenčina
Fyzický popis:18 zv. 21 cm
Vydavateľské údaje: V Bratislave Sväz Roľníckych vzájomných pokladníc 1927-1944
Predmet:

MARC

LEADER 00000cas a2200000 a 4500
001 vtls001346591
003 SK-MaSNL
005 20260228155807.0
008 981027d19271944xo ar 5 0 0b0slo
035 |a SNK000299838 
040 |a SNK  |b slo  |c SNK  |e AACR2 
041 0 |a slo 
044 |a xo  |c SK 
072 7 |a 050  |x Seriálové publikácie. Periodiká  |2 konspekt 
072 7 |a 316.7  |x Sociológia kultúry. Kultúrny život  |2 konspekt 
072 7 |a 394  |x Verejný a spoločenský život. Každodenný život  |2 konspekt 
080 |a 316.728  |2 2011 
080 |a 394  |2 2011 
080 |a 050  |2 2011 
080 |a (059)  |2 2011 
245 0 0 |a Kalendár Roľníckych vzájomných pokladníc na obyčajný rok ... 
246 1 3 |a Kalendár Roľníckych vzájomných pokladníc na priestupný rok ...  |f 1928 
246 1 4 |i Názov z obálky :  |a Kalendár Roľníckych vzájomných pokladníc na rok ...  |f 1927-1944 
246 1 3 |a Kalendár Roľníckych vzájomných pokladníc ...  |f 1929-1944 
260 |a V Bratislave  |b Sväz Roľníckych vzájomných pokladníc  |c 1927-1944  |f Slovenská kníhtlačiareň 
300 |a 18 zv.  |c 21 cm 
310 |a 1x ročne 
362 0 |a 1927-1944 
500 |a Názov na obálke v r. 1927: Rodinný kalendár Slovenskej domoviny 
500 |a Tlač: 1929, Slovenská grafia v Bratislave ; 1930-1935, Slovenská kníhtlačiareň v Bratislave ; 1936-1939, Novina v Bratislave ; 1940-1941, Kníhtlačiareň Andreja v Bratislave ; 1942, Nová kníhtlačiareň v Turčianskom Sv. Martine ; 1943-1944, Neografia v Turčianskom Sv. Martine 
650 0 7 |a každodenný život  |2 SNKPH  |9 4946 
650 0 7 |a Everyday life  |2 SNKPHeng  |9 265105 
655 7 |a textové kalendáre  |2 SNKPH  |9 60816 
655 7 |a Text calendars  |2 SNKPHeng  |9 265087 
752 |a Slovensko  |d Bratislava 
910 |a snk 
916 |a 1927-1944 
999 |c 599  |d 599 
952 |0 0  |1 0  |4 0  |7 0  |a SNK  |b SNK  |d 2000-01-05  |l 0  |o snkČSC 273/8/1934 D1  |p 17A0223145  |r 2005-01-02 00:00:00  |w 2026-02-21  |y PREZ 
952 |0 0  |1 0  |4 0  |7 0  |a SNK  |b SNK  |d 2000-01-07  |f 1  |i snk 2627/46  |l 0  |o snkČSC 273/8/1934  |p 17A0223111  |r 2005-01-02 00:00:00  |w 2026-02-21  |y PREZ 
952 |0 0  |1 0  |4 0  |7 0  |a SNK  |b SNK  |d 2005-05-13  |f 1  |i snk 451/33  |l 0  |o snkČSC 273/4/1930  |p 17A0469287  |r 2026-02-21 19:41:20  |w 2026-02-21  |y PREZ 
952 |0 0  |1 0  |4 0  |7 0  |a SNK  |b SNK  |d 2010-08-12  |i snkVIII. 1994/54  |l 0  |o snkČSC 273/1928 D1  |p 17A0655181  |r 2026-02-21 19:54:09  |w 2026-02-21  |y PREZ 
952 |0 0  |1 0  |4 0  |7 0  |8 3  |a SNK  |b SNK  |d 2010-08-12  |i snkK 2901/74  |l 0  |o snkČSC 273/12/1938 D1  |p 17A0655182  |r 2026-02-21 19:54:09  |w 2026-02-21  |y PREZ 
952 |0 0  |1 0  |4 0  |7 0  |8 5  |a SNK  |b SNK  |d 2022-06-01  |i snkF 2832/76  |l 0  |o snkČSC 273/10/1936 D2  |p 17A1463042  |r 2026-02-21 20:12:00  |w 2026-02-21  |y PREZ 
952 |0 0  |1 0  |4 0  |7 0  |a SNK  |b SNK  |d 2007-04-27  |f 1  |i snk 483/33  |l 0  |o snkČSC 273/6/1932  |p 17A0654833  |r 2026-02-21 20:14:20  |w 2026-02-21  |y PREZ 
952 |0 0  |1 0  |4 0  |7 0  |a SNK  |b SNK  |d 2007-04-27  |f 1  |i snk 482/33  |l 0  |o snkČSC 273/5/1931  |p 17A0654832  |r 2026-02-21 20:14:20  |w 2026-02-21  |y PREZ 
952 |0 0  |1 0  |4 0  |7 0  |a SNK  |b SNK  |d 1998-10-27  |f 1  |i snk 2626/46  |l 0  |o snkČSC 273/3/1929  |p 17A0166408  |r 2005-01-02 00:00:00  |w 2026-02-21  |y PREZ 
952 |0 0  |1 0  |4 0  |7 0  |8 3  |a SNK  |b SNK  |d 2011-09-21  |i snkK 1542/71  |l 0  |o snkČSC 273/6/1932 D1  |p 17A0709596  |r 2026-02-21 20:17:01  |w 2026-02-21  |y PREZ 
952 |0 0  |1 0  |4 0  |7 0  |a SNK  |b SNK  |d 2009-02-24  |f 1  |i snk 2631/46  |l 0  |o snkČSC 273/16/1942  |p 17A0611404  |r 2026-02-21 20:22:02  |w 2026-02-21  |y PREZ 
952 |0 0  |1 0  |4 0  |7 0  |8 5  |a SNK  |b SNK  |d 2014-01-28  |i snkF 346/77  |l 0  |o snkČSC 273/18/1944 D1  |p 17A1022961  |r 2026-02-21 20:31:53  |w 2026-02-21  |y PREZ 
952 |0 0  |1 0  |4 0  |7 0  |8 3  |a SNK  |b SNK  |d 2014-02-26  |i snkK 1543/71  |l 0  |o snkČSC 273/9/1935 D1  |p 17A1023931  |r 2026-02-21 20:32:18  |w 2026-02-21  |y PREZ 
952 |0 0  |1 0  |4 0  |7 0  |8 5  |a SNK  |b SNK  |d 2014-02-26  |i snkF 2833/76  |l 0  |o snkČSC 273/12/1938 D1  |p 17A1023912  |r 2026-02-21 20:32:18  |w 2026-02-21  |y PREZ 
952 |0 0  |1 0  |4 0  |7 0  |8 5  |a SNK  |b SNK  |d 2014-02-26  |i snkF 2830/76  |l 0  |o snkČSC 273/13/1939 D1  |p 17A1023913  |r 2026-02-21 20:32:19  |w 2026-02-21  |y PREZ 
952 |0 0  |1 0  |4 0  |7 0  |8 5  |a SNK  |b SNK  |d 2014-02-26  |i snkF 2279/67  |l 0  |o snkČSC 273/14/1940 D1  |p 17A1023914  |r 2026-02-21 20:32:19  |w 2026-02-21  |y PREZ 
952 |0 0  |1 0  |4 0  |7 0  |8 3  |a SNK  |b SNK  |d 2014-02-26  |i snkK 242/76  |l 0  |o snkČSC 273/15/1941 D1  |p 17A1023915  |r 2026-02-21 20:32:19  |w 2026-02-21  |y PREZ 
952 |0 0  |1 0  |4 0  |7 0  |8 3  |a SNK  |b SNK  |d 2014-02-26  |i snkK 2094/67  |l 0  |o snkČSC 273/16/1942 D1  |p 17A1024099  |r 2026-02-21 20:32:19  |w 2026-02-21  |y PREZ 
952 |0 0  |1 0  |4 0  |7 0  |a SNK  |b SNK  |d 2014-02-26  |i snkČSK 176/[69]  |l 0  |o snkČSC 273/17/1943 D1  |p 17A1024098  |r 2026-02-21 20:32:19  |w 2026-02-21  |y PREZ 
952 |0 0  |1 0  |4 0  |7 0  |a SNK  |b SNK  |d 2001-02-14  |f 1  |i snk 2628/46  |l 0  |o snkČSC 273/9/1935  |p 17A0268581  |r 2005-01-02 00:00:00  |w 2026-02-21  |y PREZ 
952 |0 0  |1 0  |4 0  |7 0  |8 3  |a SNK  |b SNK  |d 2009-06-23  |i snkK 1544/71  |l 0  |o snkČSC 273/11/1937 D1  |p 17A0621783  |r 2026-02-21 21:01:49  |w 2026-02-21  |y PREZ 
952 |0 0  |1 0  |4 0  |7 0  |a SNK  |b SNK  |d 2008-04-21  |f 1  |i snk 4124/34  |l 0  |o snkČSC 273/7/1933  |p 17A0585201  |r 2026-02-21 21:12:08  |w 2026-02-21  |y PREZ 
952 |0 0  |1 0  |4 0  |7 0  |a SNK  |b SNK  |d 2008-04-21  |f 1  |i snk 594/38  |l 0  |o snkČSC 273/11/1937  |p 17A0585202  |r 2026-02-21 21:12:08  |w 2026-02-21  |y PREZ 
952 |0 0  |1 0  |4 0  |7 0  |a SNK  |b SNK  |d 1998-10-27  |f 1  |i snk 2625/46  |l 0  |o snkČSC 273/1928  |p 17A0166444  |r 2005-01-02 00:00:00  |w 2026-02-21  |y PREZ 
952 |0 0  |1 0  |4 0  |7 0  |a SNK  |b SNK  |d 2004-01-03  |f 1  |i snk 2624/46  |l 0  |o snkČSC 273/1927  |p 17A0409058  |r 2005-01-02 00:00:00  |w 2026-02-21  |y PREZ 
952 |0 0  |1 0  |4 0  |7 0  |8 5  |a SNK  |b SNK  |d 2007-09-24  |i snkF 2051/70  |l 0  |o snkČSC 273/10/1936 D1  |p 17A0560250  |r 2026-02-21 21:22:16  |w 2026-02-21  |y PREZ 
952 |0 0  |1 0  |4 0  |7 0  |8 5  |a SNK  |b SNK  |d 2008-07-02  |i snkF 2799/79  |l 0  |o snkČSC 273/3/1929 D1  |p 17A0588019  |r 2026-02-21 21:29:48  |w 2026-02-21  |y PREZ 
952 |0 0  |1 0  |4 0  |7 0  |8 3  |a SNK  |b SNK  |d 2005-07-21  |i snkK 2092/67  |l 0  |o snkČSC 273/5/1931 D1  |p 17A0478599  |r 2026-02-21 21:32:04  |w 2026-02-21  |y PREZ 
952 |0 0  |1 0  |4 0  |7 0  |a SNK  |b SNK  |d 2009-02-24  |f 1  |i snk 1056/38  |l 0  |o snkČSC 273/12/1938  |p 17A0611606  |r 2026-02-21 21:40:38  |w 2026-02-21  |y PREZ 
952 |0 0  |1 0  |4 0  |7 0  |a SNK  |b SNK  |d 2009-02-24  |f 1  |i snk 262/39  |l 0  |o snkČSC 273/13/1939  |p 17A0611677  |r 2026-02-21 21:40:38  |w 2026-02-21  |y PREZ 
952 |0 0  |1 0  |4 0  |7 0  |a SNK  |b SNK  |d 2009-02-24  |f 1  |i snk 2629/46  |l 0  |o snkČSC 273/14/1940  |p 17A0611236  |r 2026-02-21 21:40:38  |w 2026-02-21  |y PREZ 
952 |0 0  |1 0  |4 0  |7 0  |a SNK  |b SNK  |d 2009-02-24  |f 1  |i snk 2630/46  |l 0  |o snkČSC 273/15/1941  |p 17A0611615  |r 2026-02-21 21:40:38  |w 2026-02-21  |y PREZ 
952 |0 0  |1 0  |4 0  |7 0  |a SNK  |b SNK  |d 2009-02-24  |f 1  |i snk 2632/46  |l 0  |o snkČSC 273/17/1943  |p 17A0611689  |r 2026-02-21 21:40:38  |w 2026-02-21  |y PREZ 
952 |0 0  |1 0  |4 0  |7 0  |a SNK  |b SNK  |d 2009-02-24  |f 1  |i snk 2633/46  |l 0  |o snkČSC 273/18/1944  |p 17A0611690  |r 2026-02-21 21:40:38  |w 2026-02-21  |y PREZ 
952 |0 0  |1 0  |4 0  |7 0  |8 7  |a SNKLM  |b SNKLM  |d 2005-08-04  |i snklm487/79  |l 0  |o snklmMK 1600  |r 2026-02-21 22:31:52  |w 2026-02-21  |y NEVYP